Uruguay y sus problemas en el siglo XIX : antologia.

Guardat en:
Dades bibliogràfiques
Autor principal: Real De Azua, Carlos
Format: Llibre
Idioma:English
Publicat: Montevideo : Centro Editor de America Latina, [1968].
Col·lecció:Capitulo oriental; biblioteca uruguaya fundamental
Matèries:
LEADER 00803nam a2200205 i 4500
001 c000131181
003 CARM
005 00000000000000.0
008 850306s1968 ay 0 eng d
019 1 |a 10228995  |5 LACONCORD2021 
035 |a (OCoLC)213543272  |5 LACONCORD2021 
100 1 |a Real De Azua, Carlos. 
245 1 0 |a Uruguay y sus problemas en el siglo XIX :  |b antologia. 
260 |a Montevideo :  |b Centro Editor de America Latina,  |c [1968]. 
300 |a 123 p. 
490 0 |a Capitulo oriental; biblioteca uruguaya fundamental 
651 0 |a Uruguay  |x History  |y 1810- 
852 8 |b CARM  |h A2:AF31G0  |i A00261  |p 0068151  |f BK 
999 f f |i cfb13826-c7c6-5486-b4de-581b6b5fa459  |s debf3ab2-f491-5806-95ac-32b14c215d65 
952 f f |p Can circulate  |a CAVAL  |b CAVAL  |c CAVAL  |d CARM 1 Store  |e A00261  |f A2:AF31G0  |h Other scheme  |i book  |m 0068151